Principles of cartography /

Guardat en:
Dades bibliogràfiques
Autor principal: Bodger, J. A. N.
Format: Llibre
Idioma:English
Publicat: Perth, W.A. : Technical Publications Trust, 1979.
Matèries:
LEADER 00872cam a2200253 a 4500
001 c000285223
003 CARM
005 20080722124404.0
008 810708s1979 weaa 000 0 eng
015 |a Aus*** 
019 1 |a 2058442  |5 LACONCORD2021 
035 |a (OCoLC)7615698  |5 LACONCORD2021 
040 |a LC  |b eng  |c LC  |d ABN:1 
042 |a anuc 
050 0 0 |a GA105.3  |b .B63 
082 0 4 |a 526  |2 19 
100 1 |a Bodger, J. A. N. 
245 1 0 |a Principles of cartography /  |c by J.A.N. Bodger. 
260 |a Perth, W.A. :  |b Technical Publications Trust,  |c 1979. 
300 |a i, 238 p. :  |b ill. (some col.) ;  |c 25 cm. 
650 0 |a Cartography. 
852 8 |b CARM  |h A3:AR13F0  |i C11193  |p 0510149  |f BK 
999 f f |i 19d932fa-d22a-5341-8104-93f5ee5cbe5d  |s 54c690d4-92b4-59fc-b401-551b67b2a0db 
952 f f |p Can circulate  |a CAVAL  |b CAVAL  |c CAVAL  |d CARM 1 Store  |e C11193  |f A3:AR13F0  |h Other scheme  |i book  |m 0510149